[Zora Jesenská s matkou a príbuznými]

Zobrazenie: Zora Jesenská s matkou Milinou, rod. Zvarovou a príbuznými v záhrade domu bývania v Martine. Na obr.: stoja zľava Anna Jesenská, Fedor Jesenský, Milina Jesenská, rod. Zvarová; sedia zľava Ľudmila Daxnerová, rod. Jesenská, Zora Jesenská, Adela Jesenská, rod. Ballová.

Bibliographic Details
Format: Photo
Language:Slovak
PhysicalDescription:1 fotografia čiernobiela 9 x 14 cm
Published: [S.l. s.n. s.a.]
Subjects:

MARC

LEADER 00000nkmaa2200000 a 4500
001 vtls011894099
003 SK-MaSNL
005 20260511085018.0
007 kh bo
008 230802n xo | ||00 k|slo
035 |a urn:nbn:sk:snk-km00ej8o 
035 |a urn:nbn:sk:snk-km45w8l 
035 |a 75A29CFC-E65A-4DC9-888D-2B60F2E88820 
040 |a SNKLA  |b slo  |c SNKLA  |e AACR2 
041 0 |a slo 
044 |a xo  |c SK 
245 0 0 |a [Zora Jesenská s matkou a príbuznými]  |h grafika 
260 |a [S.l.  |b s.n.  |c s.a.] 
300 |a 1 fotografia  |b čiernobiela  |c 9 x 14 cm 
520 2 |a Zobrazenie: Zora Jesenská s matkou Milinou, rod. Zvarovou a príbuznými v záhrade domu bývania v Martine. Na obr.: stoja zľava Anna Jesenská, Fedor Jesenský, Milina Jesenská, rod. Zvarová; sedia zľava Ľudmila Daxnerová, rod. Jesenská, Zora Jesenská, Adela Jesenská, rod. Ballová. 
600 1 7 |a Jesenská, Zora,  |d 1909-1972  |2 SNKMA  |9 37015 
600 1 7 |a Jesenská, Anna,  |d 1889-1961  |2 SNKMA  |9 351310 
600 1 7 |a Jesenský, Fedor,  |d 1904-1949  |2 SNKMA  |9 108552 
600 1 7 |a Jesenská, Milina,  |d 1878-1967  |2 SNKMA  |9 191956 
600 1 7 |a Daxnerová, Ľudmila,  |d 1863-1941  |2 SNKMA  |9 263557 
600 1 7 |a Jesenská, Adela,  |d 1842-1930  |2 SNKMA  |9 338878 
655 7 |a fotografie  |2 SNKPH  |9 70713 
852 7 |a Slovenská národná knižnica v Martine  |b Literárny archív 
958 |a ZO 
958 |a BLA 
999 |c 780439  |d 782369 
952 |a SNKLA  |b SNKLA  |c SNKLA_DEP  |y NEVYP  |7 0  |p 17A1308714  |o snkSJ 14/129  |i snkLA 8976/1977  |0 0  |1 0  |4 0  |d 2019-10-16  |f 1  |l 0  |r 2026-02-24 01:02:56  |w 2026-02-24